Online katalóg knižníc regiónu Turca

Sny vianočného stromčeka (Record no. 21685)

MARC details
000 -LEADER
fixed length control field 01715cam a2200481 a 4500
001 - CONTROL NUMBER
control field 21685
003 - CONTROL NUMBER IDENTIFIER
control field VRT
005 - DATE AND TIME OF LATEST TRANSACTION
control field 20260309091534.0
008 - FIXED-LENGTH DATA ELEMENTS--GENERAL INFORMATION
fixed length control field 240226s2001 xo a jr 000 p slo
015 ## - NATIONAL BIBLIOGRAPHY NUMBER
National bibliography number SNBA2002/09-02878
020 ## - INTERNATIONAL STANDARD BOOK NUMBER
International Standard Book Number 8088984173
035 ## - SYSTEM CONTROL NUMBER
System control number SNK000389188
035 ## - SYSTEM CONTROL NUMBER
System control number urn:nbn:sk:snk-am3iigt
035 ## - SYSTEM CONTROL NUMBER
System control number 7D1019EB-FDED-4DB6-9330-BD19E47D6D90
035 ## - SYSTEM CONTROL NUMBER
System control number urn:nbn:sk:snk-am00eki2
039 #9 - LEVEL OF BIBLIOGRAPHIC CONTROL AND CODING DETAIL [OBSOLETE]
Level of rules in bibliographic description 202402262033
Level of effort used to assign nonsubject heading access points VLOAD
Level of effort used to assign subject headings 202312151429
Level of effort used to assign classification AUTHORITY
Level of effort used to assign subject headings 202312151415
Level of effort used to assign classification AUTHORITY
Level of effort used to assign subject headings 202106231708
Level of effort used to assign classification VLOAD
040 ## - CATALOGING SOURCE
Original cataloging agency SNK
Language of cataloging slo
Transcribing agency SNK
Description conventions AACR2
041 0# - LANGUAGE CODE
Language code of text/sound track or separate title slo
044 ## - COUNTRY OF PUBLISHING/PRODUCING ENTITY CODE
MARC country code xo
ISO country code SK
072 #7 - SUBJECT CATEGORY CODE
Subject category code 821.162.4-1
Subject category code subdivision Slovenská poézia
Source konspekt
072 #7 - SUBJECT CATEGORY CODE
Subject category code 821-93
Subject category code subdivision Literatúra pre deti a mládež (beletria)
Source konspekt
080 ## - UNIVERSAL DECIMAL CLASSIFICATION NUMBER
Universal Decimal Classification number 885.4-1(087.5)
Edition identifier 1981
080 ## - UNIVERSAL DECIMAL CLASSIFICATION NUMBER
Universal Decimal Classification number 821.162.4-1
Edition identifier 2011
080 ## - UNIVERSAL DECIMAL CLASSIFICATION NUMBER
Universal Decimal Classification number 82-1-053.2
Edition identifier 2011
080 ## - UNIVERSAL DECIMAL CLASSIFICATION NUMBER
Universal Decimal Classification number 82-93-053.4/.5
Edition identifier 2011
080 ## - UNIVERSAL DECIMAL CLASSIFICATION NUMBER
Universal Decimal Classification number (0.025.2)
Edition identifier 2011
100 1# - MAIN ENTRY--PERSONAL NAME
Personal name Moravčíková, Z.
Relationship aut
245 10 - TITLE STATEMENT
Title Sny vianočného stromčeka
Statement of responsibility, etc. [ilustrácie: F. Kuhn, R. Mazal ; text: Z. Moravčíková]
250 ## - EDITION STATEMENT
Edition statement 2. vyd.
260 ## - PUBLICATION, DISTRIBUTION, ETC.
Place of publication, distribution, etc. Bratislava
Name of publisher, distributor, etc. Eurounion
Date of publication, distribution, etc. 2001
300 ## - PHYSICAL DESCRIPTION
Extent [20] nečíslovaných strán
Other physical details farebné ilustrácie
Dimensions 24 cm
500 ## - GENERAL NOTE
General note Údaj o ilustrátoroch a texte prevzatý z obalu
655 #7 - INDEX TERM--GENRE/FORM
Genre/form data or focus term slovenská poézia
Source of term SNKPH
655 #7 - INDEX TERM--GENRE/FORM
Genre/form data or focus term literatúra pre deti
Source of term SNKPH
655 #7 - INDEX TERM--GENRE/FORM
Genre/form data or focus term poézia pre deti
Source of term SNKPH
655 #7 - INDEX TERM--GENRE/FORM
Genre/form data or focus term leporelá
Source of term SNKPH
700 1# - ADDED ENTRY--PERSONAL NAME
Personal name Mazal, R.
Relationship ill
700 1# - ADDED ENTRY--PERSONAL NAME
Personal name Kuhn, Felicitas,
Dates associated with a name 1926-2022
Relationship ill
910 ## - USER-OPTION DATA (OCLC)
User-option data snk
942 ## - ADDED ENTRY ELEMENTS (KOHA)
Source of classification or shelving scheme Dewey Decimal Classification
Koha item type Krásna literatúra pre deti
Suppress in OPAC No
949 ## - LOCAL PROCESSING INFORMATION (OCLC)
6 17A0345023
9 P60, <03>, [BOOK], {603}
a snkSC 108093
b snkKSP 6069/2002
s 6100:20201026
949 ## - LOCAL PROCESSING INFORMATION (OCLC)
6 17A0345024
9 P60, <04>, [BOOK], {604}
a snkSC 108093 D1
b snkKSP 6070/2002
Holdings
Stav vyradenia Strata Poškodenie Spôsob nadobudnutia Domovská knižnica Aktuálna knižnica Dátum nadobudnutia Total checkouts Čiarový kód exemplára Date last seen Typ exemplára
      Dar Obecná knižnica Turčianska Štiavnička Obecná knižnica Turčianska Štiavnička 09.03.2026   4738000270 09.03.2026 Krásna literatúra pre deti
Projekt je podporený Slovenskou asociáciou knižníc
Prevádzkuje Turčianska knižnica Martin 2026